Time management - An indespensable managerial skill for a teacher [e resource : article] (Record no. 203909)

MARC details
000 -LEADER
fixed length control field 00566nam a2200145Ia 4500
008 - FIXED-LENGTH DATA ELEMENTS--GENERAL INFORMATION
fixed length control field 231221s9999 xx 000 0 und d
041 ## - LANGUAGE CODE
Language code of text/sound track or separate title English
082 ## - DEWEY DECIMAL CLASSIFICATION NUMBER
Classification number 658.4093 JAI
100 ## - MAIN ENTRY--PERSONAL NAME
Personal name P.K Jain
245 #0 - TITLE STATEMENT
Title Time management - An indespensable managerial skill for a teacher [e resource : article]
260 ## - PUBLICATION, DISTRIBUTION, ETC.
Date of publication, distribution, etc. 2001
Name of publisher, distributor, etc. Sant Longowal Inst. of Sci. & Tech.
510 ## - CITATION/REFERENCES NOTE
Name of source article from the bookTeacher in the age of information technology and humanism- ed by D S Hira & Mahesh Kumar p 96-100
650 ## - SUBJECT ADDED ENTRY--TOPICAL TERM
Topical term or geographic name entry element Time management, Teacher,academic programme
942 ## - ADDED ENTRY ELEMENTS (KOHA)
Koha item type Digital Library
Holdings
Date last seen Total checkouts Full call number Accession number Uniform resource identifier Price effective from Category Lost status Damaged status Department Withdrawn status Home library Current library Shelving location Entry date Grants Billdate Currency symbol Conversion rate Discount Old discount
26/01/2024   658.4093 JAI DL19 digital/articles/mba/dl19.pdf 26/01/2024 Digital Library     Central Library   Central Library Central Library Central Library     16/11/2009 RS 1    

© For any Suggestions or Query, please contact the library staff @ librarian@pes.edu or Phone: +9180 2672 1983/ 2108.